00281 a2200121 4500001000700000020002200007040001100029100002500040240004100065245003600106300000800142362000900150189142 a978-85-7841-594-5 cMagnum aCheida, Luiz Eduardo10aBichos, plantas e seus parenteslpor10aBichos, plantas e seus parentes a1550 a2010